| 000 | 00583cab a2200217 4500 | ||
|---|---|---|---|
| 001 | WB3205-11 | ||
| 008 | 090401t1996 xxu||||| |||| 00| 0 eng d | ||
| 035 | _a(Sirsi) u14041 | ||
| 041 | _aeng | ||
| 245 | _aHistoric homes | ||
| 260 | _c1996 | ||
| 350 | _a0 | ||
| 490 |
_aTimes _v31 January 1996, 19(2) |
||
| 520 | _alooks at the options for running an historic house as a business. Gives examples. | ||
| 650 | _aBUSINESS CENTRES | ||
| 650 | _aCONFERENCE CENTRES | ||
| 650 | _aHISTORIC HOUSES | ||
| 690 | _aPROPERTY-COMMERCIAL PROPERTY | ||
| 942 | _n0 | ||
| 948 | _c04/03/1997 | ||
| 999 |
_c9099 _d9099 |
||